Proyecto de Ley de Bases del Estatuto de Régimen Local : texto dictaminado por la Comisión de Gobernación de las Cortes, pendiente de aprobación por el Pleno texto dictaminado por la Comisión de Gobernación de las Cortes, pendiente de aprobación por el Pleno

Descripció física: 112 f. ; 21 cm

MARC

LEADER 00000nam a2200000Ia 4500
001 1828
003 BGR
005 20260324175409.0
008 160829s1975 xx 000 0 cat d
080 |a D-1-94 
245 |a Proyecto de Ley de Bases del Estatuto de Régimen Local :  |b  texto dictaminado por la Comisión de Gobernación de las Cortes, pendiente de aprobación por el Pleno 
260 |a Barcelona :  |b Diputación Provincial de Barcelona. Gabinete Técnico,  |c 1975 
300 |a 112 f. ;  |c 21 cm 
650 0 |a Administració local  |x Dret i legislació   |9 31521 
650 |a Espanya. Lleis, decrets, etc.  |9 31465 
710 1 |a Barcelona (Catalunya : Província).  |b Diputació  |9 52408 
901 |a Arxiu 
942 |n 1  |2 udc  |c MON 
952 |0 0  |1 0  |4 0  |6 D194  |7 1  |9 45649  |a Arxiu  |b Arxiu  |d 2016-12-01  |l 0  |o D-1-94  |p 1828  |r 2016-12-01 00:00:00  |w 2016-12-01  |y ARXIU 
999 |c 49149  |d 49149